000 01333cam a2200301 i 4500
003 OSt
005 20180829191407.0
008 140714s2016 maua b 001 0 eng
020 _a9781285866932
020 _a1285866932
040 _aDLC
_beng
_cDLC
_erda
_dDLC
042 _apcc
050 0 0 _aQP34.5
_b.S48 2016
082 0 0 _a612
_223
_bSLH
100 1 _aSherwood, Lauralee,
_eauthor.
_917617
245 1 0 _aHuman physiology :
_bfrom cells to systems /
_cLauralee Sherwood, Department of Physiology and Pharmacology, School of Medicine, West Virginia University.
250 _a9th edition.
300 _a1 volume (various pagings) :
_bcolor illustrations ;
_c29 cm.
504 _aIncludes bibliographical references and index.
650 0 _aHuman physiology.
_964613
856 4 2 _3Contributor biographical information
_uhttps://www.loc.gov/catdir/enhancements/fy1613/2014945820-b.html
856 4 2 _3Publisher description
_uhttps://www.loc.gov/catdir/enhancements/fy1613/2014945820-d.html
856 4 1 _3Table of contents only
_uhttps://www.loc.gov/catdir/enhancements/fy1613/2014945820-t.html
942 _cBOOK
906 _a7
_bcbc
_corigcop
_d2
_encip
_f20
_gy-gencatlg
999 _c42693
_d312313